• 首页
  • 本馆介绍
  • 公告通知
  • 最新文献
  • 馆藏检索
  • 电子资源
  • 读者导购
  • 参考咨询
  • 我的图书馆
  • 登录
  • 详细信息显示
  • 放入我的书架
  • 预约/预借图书
  • 作者相关作品
  • 分类相关作品
  • 丛书相关作品
  • 出版社相关作品

书目信息

  • 表格格式
  • 工作单格式
  • 卡片格式
题名:
汶川大地震
    
 
作者: ;新华月报 编
分册:  
出版信息: 北京   人民出版社  2008
页数: 12,340页
开本: 23cm
丛书名:
单 册:
中图分类: I253.1 , D632.5
科图分类:
主题词: 报告文学--中国--现代--选集 , 抗震救灾--英雄模范事迹--中国--2008 , 报告文学 , 抗震救灾 , 英雄模范事迹
电子资源:
ISBN: 978-7-01-007207-4
000 00998nam0 2200301 45
001 1032970812
005 20100408171705.62
010    @a978-7-01-007207-4@dCNY39.00
100    @a20100331d2008 em y0chiy50 ea
101 0  @achi
102    @aCN@b110000
105    @aa z 000zd
106    @ar
200 1  @a汶川大地震@AWen Chuan Da Di Zhen@e精神永存@EJing Shen Yong Cun@f新华月报编@FXin Hua Yue Bao Bian
210    @a北京@c人民出版社@d2008
215    @a12,340页@c照片@d23cm
330    @a本书收录了“万众一心,托起生命的希望”、“永远和人民在一起”、“为了崇高使命”、“为了人民利益”、“警徽闪耀铸忠诚”等内容。
517 1  @a精神永存@AJing Shen Yong Cun
606 0  @a报告文学@y中国@z现代@j选集
606 0  @a抗震救灾@x英雄模范事迹@y中国@z2008
606 0  @a报告文学
606 0  @a抗震救灾
606 0  @a英雄模范事迹
690    @aI253.1@v4
690    @aD632.5@v4
711 02 @a新华月报@AXin Hua Yue Bao@4编
801  0 @aCN@bTANGWEI@c20100408
905    @b0586856-60@dI253.1@e783@f5
    
    汶川大地震:精神永存/新华月报编.-北京:人民出版社,2008
    12,340页:照片;23cm
    
    
    ISBN 978-7-01-007207-4:CNY39.00
    本书收录了“万众一心,托起生命的希望”、“永远和人民在一起”、“为了崇高使命”、“为了人民利益”、“警徽闪耀铸忠诚”等内容。
●
相关链接 在E读中查询图书 在五车中查询图书 在当当中查询图书 在豆瓣中查询图书


正题名:汶川大地震     索取号:I253.1/783         预约/预借

序号 登录号 条形码 馆藏地/架位号 状态 备注
1 0586856   205868569   第一样本阅览室/ [索取号:I253.1/783] 在馆    
2 0586857   205868578   第二借阅区/ [索取号:I253.1/783] 在馆    
3 0586858   205868587   第二借阅区/ [索取号:I253.1/783] 在馆    
4 0586859   205868596   第二借阅区/ [索取号:I253.1/783] 在馆    
5 0586860   205868603   第二借阅区/ [索取号:I253.1/783] 在馆    
唐山师范学院图书馆 欢迎您!
大连网信软件有限公司© 版权所有